Mid- year review of the Indian economy 2004-2005 (Record no. 493721)

000 -LEADER
fixed length control field 00457cam a22001457a 4500
008 - FIXED-LENGTH DATA ELEMENTS--GENERAL INFORMATION
fixed length control field 180718b2005 xxu||||| |||| 00| 0 eng d
020 ## - INTERNATIONAL STANDARD BOOK NUMBER
International Standard Book Number 8175412275
082 ## - DEWEY DECIMAL CLASSIFICATION NUMBER
Classification number T19x54 C393m
100 ## - MAIN ENTRY--PERSONAL NAME
Personal name Chaudhuri, Saumitra
245 ## - TITLE STATEMENT
Title Mid- year review of the Indian economy 2004-2005
Statement of responsibility, etc. by Saumitra Chaudhuri
260 ## - PUBLICATION, DISTRIBUTION, ETC.
Place of publication, distribution, etc. New Delhi
Name of publisher, distributor, etc. Shipra
Date of publication, distribution, etc. 2005
300 ## - PHYSICAL DESCRIPTION
Extent 147p.
650 ## - SUBJECT ADDED ENTRY--TOPICAL TERM
Topical term or geographic name entry element India - Economic policy, 2004-2005
650 ## - SUBJECT ADDED ENTRY--TOPICAL TERM
Topical term or geographic name entry element India - Economic conditions, 2004-2005
Holdings
Withdrawn status Lost status Damaged status Not for loan Permanent Location Current Location Date acquired Full call number Barcode Date last seen Price effective from Koha item type
        Indian Institute of Public Administration Indian Institute of Public Administration 2018-08-04 T19x54 C393m GR18189 2018-08-04 2018-08-04 GR

Powered by Koha